| 000 | 00758nam a2200241Ia 4500 | ||
|---|---|---|---|
| 003 | OSt | ||
| 005 | 20220923221711.0 | ||
| 006 | a|||||r|||| 00| 0 | ||
| 007 | ta | ||
| 008 | 220922b |||||||| |||| 00| 0 san d | ||
| 024 | _a199,456 | ||
| 037 | _cTextual | ||
| 040 |
_aARTS _cARTS _bsan |
||
| 041 |
_2san _asan |
||
| 082 | _aQ127:25, 15L5 | ||
| 100 |
_aपरिब्राजकाचार्य _9162673 |
||
| 245 | 0 | _aईशोपनिषद् | |
| 246 | _aĪshopaniṣhad | ||
| 260 |
_aबम्बई _b भक्तिवेदान्त बुक ट््रस्ट _c1975 |
||
| 300 |
_a156पृ0 _ccm. |
||
| 942 |
_hQ127:25, 15L5 _cTEXL _2CC |
||
| 999 |
_c351196 _d351196 |
||